| 000 | 01025nas a2200313 4500 | ||
|---|---|---|---|
| 001 | BR0200630 | ||
| 003 | BR-BrBNA | ||
| 005 | 20231205102731.0 | ||
| 007 | ta | ||
| 008 | 230509b bl.|||p| |||| 00| 00por d | ||
| 040 |
_aBR-BrBNA _bpor _cBiblioteca Nacional de Agricultura |
||
| 041 | _a(Pt) | ||
| 072 | _aL01; L53 | ||
| 100 | 1 | _aAzevedo, E.M.P. | |
| 100 | 1 | _aCavalcanti, M.C.O. | |
| 100 | 1 | _aGuerra, M.M.P. | |
| 100 | 1 | _aSouza, A.F. | |
| 100 | 1 | _aBatista, A.M. | |
| 100 | 1 | _aSouza, D.M.B. | |
| 111 | 1 |
_a14. Congresso Brasileiro de Reprodução Animal _cBelo Horizonte, MG (Brazil) _d1-5 Aug 2001 |
|
| 245 | 1 | _aDiagnóstico precoce da gestação na espécie caprina através de ultra sonografia trans-abdominal | |
| 650 | _aCAPRINO | ||
| 650 | _aPRENHEZ | ||
| 650 | _aDIAGNÓSTICO | ||
| 650 | _aULTRA-SOM | ||
| 773 | 0 |
_tRevista Brasileira de Reprodução Animal (Brazil) _xISSN 0102-0803 _g(Jul-Sep 2001), v. 25(3) p. 352-354 _wBR0200630 |
|
| 909 |
_a202311 _bLúcia _c55 _dLúcia Elande |
||
| 942 |
_2AGRIS _n0 _cANA |
||
| 999 |
_c169055 _d169055 |
||